Southville International School and Colleges
Your cart is empty.
  • Cart
  • Lists
    Public lists Eva Luna New books Lux_list list_1
    Your lists Log in to create your own lists
  • Log in to your account
  • Your cookies
  • Search history
Southville International School and Colleges
  • Advanced search
  • Recent comments
  • Most popular
  • Libraries

Log in to your account

Log in with GOOGLE


If you do not have an external account, but do have a local account, you can still log in:

  1. Home
  2. MARC view: Neuroradiology /
Normal view MARC view ISBD view

Neuroradiology / (Record no. 358483)

[ view plain ]
MARC details
000 -LEADER
fixed length control field 00439nam a2200145Ia 4500
008 - FIXED-LENGTH DATA ELEMENTS--GENERAL INFORMATION
fixed length control field 180901s9999 xx 000 0 und d
020 ## - INTERNATIONAL STANDARD BOOK NUMBER
International Standard Book Number 9781455775682
100 ## - MAIN ENTRY--PERSONAL NAME
Personal name Nadgir,Rohini.
245 ## - TITLE STATEMENT
Statement of responsibility, etc Rohini Nadgir, David M. Yousem.--
Title Neuroradiology /
250 ## - EDITION STATEMENT
Edition statement 4th ed
260 ## - PUBLICATION, DISTRIBUTION, ETC. (IMPRINT)
Place of publication, distribution, etc USA :
Name of publisher, distributor, etc Elesevier
Date of publication, distribution, etc 2017
300 ## - PHYSICAL DESCRIPTION
Extent ix, 630pages :
Other physical details illustrations.
650 ## - SUBJECT ADDED ENTRY--TOPICAL TERM
Topical term or geographic name as entry element Central Nervous System.
650 ## - SUBJECT ADDED ENTRY--TOPICAL TERM
Topical term or geographic name as entry element MESH: Neuroradiography -- methods.
Holdings
Withdrawn status Lost status Damaged status Home library Current library Shelving location Date acquired Source of acquisition Total Checkouts Full call number Barcode Date last seen Price effective from Koha item type
      South SEED-LPDH College Library South SEED-LPDH College Library South SEED-LPDH College Section 09/01/2018 Library Fund   RC 349.R3 .N135 2017 SSLC1736 09/01/2018 09/01/2018 Books

Neuroradiology /

APA

Nadgir R., . (2017). Neuroradiology. USA: Elesevier.

Chicago

Nadgir Rohini, . 2017. Neuroradiology. USA: Elesevier.

Harvard

Nadgir R., . (2017). Neuroradiology. USA: Elesevier.

MLA

Nadgir Rohini, . Neuroradiology. USA: Elesevier. 2017.

  • Place hold
  • Print
  • Cite
  • Add to your cart (remove)
  • Save record
    BIBTEX Dublin Core MARCXML MARC (non-Unicode/MARC-8) MARC (Unicode/UTF-8) MARC (Unicode/UTF-8, Standard) MODS (XML) RIS
  • More searches
    Search for this title in:
    Other Libraries (WorldCat) Other Databases (Google Scholar) Online Stores (Bookfinder.com) Open Library (openlibrary.org)

Exporting to Dublin Core...

SOUTHVILLE LIBRARY

Southville International School and Colleges Library

1281 Tropical Ave. Cor. Luxembourg St., BF Homes International, Las Pinas City

Tel. No. 8256374 / 252358 Loc. 117/146

Powered by Koha